Návrh opatrení na zlepšenie vnútropodnikovej komunikácie v SAM - SHIPBUILDING AND MACHINERY a. s.

Uložené v:
Podrobná bibliografia
Hlavný autor: Pólyová, Lucia (Autor)
Ďalší autori: Novotná, Ivana (Vedúci práce)
Médium: Rukopis Kniha
Jazyk:Slovak
Vydavateľské údaje: 2016
Predmet:
On-line prístup:http://is.stuba.sk/zp/portal_zp.pl?podrobnosti=102493
Tagy: Pridať tag
Žiadne tagy, Buďte prvý, kto otaguje tento záznam!

MARC

LEADER 00000ntm a22000003a 4500
001 stuzp56158
003 SK-STU
005 20160719154924.0
007 ta
008 150427s2015----xo-----f-mn---000-0-slo-d
040 |a STU  |b slo 
041 0 |a slo 
100 1 |a Pólyová, Lucia  |u 064000  |4 aut  |U MTF Materiálovotechnologická fakulta  |T MTF Ústav priemyselného inžinierstva a manažmentu  |X 69950  |U M4000  |Y 84  |7 69950 
242 0 1 |a The proposal of measures for improving of internal communication in SAM SHIPBUILDING AND MACHINERY a.s.  |y eng 
245 1 0 |a Návrh opatrení na zlepšenie vnútropodnikovej komunikácie v SAM - SHIPBUILDING AND MACHINERY a. s. 
260 |c 2016 
650 4 |a správanie  |2 slo 
650 4 |a komunikácia  |2 slo 
650 4 |a podnik  |2 slo 
650 4 |a communication  |2 eng 
650 4 |a firm  |2 eng 
650 4 |a behavior  |2 eng 
700 1 |a Novotná, Ivana  |u 060100  |k Z1  |4 ths  |U MTF Materiálovotechnologická fakulta  |T MTF Pracovisko jazykov a humanitných vied  |X 46421  |U M0100  |Y 472  |7 A000046421 
856 4 |u http://is.stuba.sk/zp/portal_zp.pl?podrobnosti=102493 
996 |c M* BP-7801  |l MMSKP  |s P  |a 0  |w stuzp56158_0001 
SQL |a stuzp56158  |b DBP  |c SLO  |d Návrh opatrení na zlepšenie vnútropodnikovej komunikácie v SAM - SHIPBUILDING AND MACHINERY a. s.  |e 69950  |f Pólyová, Lucia  |g 064000  |h 46421  |i Novotná, Ivana  |j 20160622  |k 173  |l 06  |m http://is.stuba.sk/zp/portal_zp.pl?podrobnosti=102493  |n B-PPP  |o 5.2.52. priemyselné inžinierstvo